| 000 | 01673nam a2200433 i 4500 | ||
|---|---|---|---|
| 001 | DIGDYK2716 | ||
| 003 | NyNyDIG | ||
| 007 | cr ||||||||||| | ||
| 008 | 230701s2023 sp ob 000 0 spa d | ||
| 006 | m o d | ||
| 035 | _a(OCoLC)1375333100 | ||
| 040 |
_aDGITA _beng _erda _epn _cDGITA |
||
| 020 |
_a9788411700351 _qeBook |
||
| 020 | _z9788411226165 | ||
| 050 | 1 | 4 | _aHQ1121 ebook |
| 245 | 0 | 0 |
_aMujeres y (des)igualdad de oportunidades : _banálisis feministas del impacto de las injusticias estructurales y las tensiones coyunturales / _cSilvina Ribotta, Carlos Lema Añón (editores). |
| 264 | 1 |
_aMadrid : _bDykinson, S.L., _c[2023] |
|
| 300 | _a1 online resource. | ||
| 336 |
_atext _btxt _2rdacontent |
||
| 337 |
_acomputer _bc _2rdamedia |
||
| 338 |
_aonline resource _bcr _2rdacarrier |
||
| 347 |
_atext file _2rdaft |
||
| 347 | _bPDF | ||
| 500 | _a"Cabildo de Lanzarote."--Cover. | ||
| 504 | _aIncludes bibliographical references. | ||
| 588 | 0 | _aOnline resource; title from PDF title page (Digitalia, viewed July 1, 2023) | |
| 650 | 0 |
_aWomen _xSocial conditions. |
|
| 650 | 0 | _aEquality. | |
| 650 | 0 | _aWomen in the professions. | |
| 650 | 0 | _aSex discrimination in employment. | |
| 700 | 1 |
_aRibotta, Silvina, _eeditor. |
|
| 700 | 1 |
_aLema Añón, Carlos, _eeditor. |
|
| 791 | 2 |
_aDigitalia (Firm), _edistributor. |
|
| 793 | 0 |
_gDigitalia eBook Collection: _aDykinson Editorial |
|
| 776 | 0 | 8 |
_iPrint version: _tMujeres y (des)igualdad de oportunidades. _dMadrid : Dykinson, S.L., [2023] _z9788411226165 |
| 856 | 4 | 0 |
_3Digitalia Hispánica _uhttps://www.digitaliapublishing.com/a/127303/ |
| 910 | _aPremium collection: 2023 | ||
| 942 | _cRAA | ||
| 999 |
_c278517 _d278517 |
||